[Event "9th American Continental (w)"]
[Site "Villa Martelli ARG"]
[Date "2017.09.14"]
[Round "9.9"]
[White "Fernandez, Maria Florencia"]
[Black "Librelato, Ana Julia Goulart"]
[Result "1-0"]
[WhiteElo "2199"]
[BlackElo "1667"]
[EventDate "2017.09.05"]
[PlyCount "83"]

1.d4 Nf6 2.c4 g6 3.Nc3 Bg7 4.e4 d6 5.h3 O-O 6.Bg5 c5 7.d5 e6 8.Bd3 Re8 9.
Nf3 Qa5 10.O-O a6 11.a4 exd5 12.cxd5 Nfd7 13.Bd2 Qc7 14.a5 Ne5 15.Nxe5 
Bxe5 16.Qc2 Nd7 17.Na4 Bg7 18.Rac1 b5 19.axb6 Nxb6 20.Ba5 Rb8 21.Nxb6 Rxb6
22.Bxb6 Qxb6 23.Qa4 Re7 24.b4 Bd4 25.bxc5 dxc5 26.Rb1 Qd6 27.Qb3 Rb7 28.
Qa4 Re7 29.Qa5 Bxh3 30.Qb6 Qxb6 31.Rxb6 Bg4 32.Rxa6 Rc7 33.Bc4 Re7 34.d6 
Rb7 35.Bd5 Rb2 36.Ra7 Kf8 37.Rxf7+ Ke8 38.Ra1 Rb8 39.Raa7 Rb1+ 40.Kh2 Ra1 
41.Rae7+ Kd8 42.Rf8# 1-0

[Event "9th American Continental (w)"]
[Site "Villa Martelli ARG"]
[Date "2017.09.14"]
[Round "9.10"]
[White "Jorquera Cabello, Valentina"]
[Black "Nejanky, Maisa"]
[Result "1/2-1/2"]
[WhiteElo "1977"]
[BlackElo "2018"]
[EventDate "2017.09.05"]
[PlyCount "118"]

1.e4 c5 2.Nf3 d6 3.d4 cxd4 4.Nxd4 Nf6 5.Nc3 Nc6 6.Bg5 e6 7.Qd2 a6 8.f3 Bd7
9.O-O-O b5 10.Kb1 Be7 11.h4 h6 12.Be3 h5 13.Nxc6 Bxc6 14.Ne2 Qc7 15.Nd4 
Bd7 16.Bd3 d5 17.exd5 Nxd5 18.Be4 Nxe3 19.Qxe3 Rc8 20.g4 hxg4 21.fxg4 Rxh4
22.Rxh4 Bxh4 23.g5 Qc5 24.g6 Bf6 25.c3 b4 26.cxb4 Qxb4 27.Nb3 Rc7 28.gxf7+
Kxf7 29.Bg6+ Ke7 30.Qd3 a5 31.Bh5 Qf4 32.Nxa5 Qf5 33.Nb3 Bb5 34.Qxf5 exf5 
35.Re1+ Kd6 36.Rd1+ Ke5 37.Nd4 Ba6 38.b4 Rc4 39.b5 Rb4+ 40.Kc2 Bxb5 41.
Nxb5 Rxb5 42.a4 Rc5+ 43.Kb3 g5 44.Kb4 Rc2 45.a5 Be7+ 46.Kb5 g4 47.Bf7 f4 
48.a6 Rc8 49.a7 Ra8 50.Ka6 Bc5 51.Rd5+ Kf6 52.Rxc5 Kxf7 53.Rf5+ Kg6 54.
Rxf4 Kg5 55.Rf7 g3 56.Kb7 Rxa7+ 57.Kxa7 Kg4 58.Kb6 g2 59.Rg7+ Kf3 1/2-1/2

[Event "9th American Continental (w)"]
[Site "Villa Martelli ARG"]
[Date "2017.09.14"]
[Round "9.11"]
[White "Ocampo Garcia, Derly Ginneth"]
[Black "Strgacich, Aylen"]
[Result "0-1"]
[WhiteElo "1821"]
[BlackElo "1897"]
[EventDate "2017.09.05"]
[PlyCount "42"]

1.e4 c5 2.d3 Nc6 3.Nd2 g6 4.g3 Bg7 5.Bg2 e6 6.Ne2 d5 7.Nb3 Nge7 8.O-O b6 
9.f4 O-O 10.Rb1 Ba6 11.Be3 dxe4 12.Bxe4 Rc8 13.Nd2 Qc7 14.Bg2 Rfd8 15.Qe1 
Nb4 16.Qd1 Nf5 17.Bf2 Nxc2 18.Nc1 Nce3 19.Bxe3 Nxe3 20.Qb3 Nxf1 21.Nxf1 
Bb7 0-1

[Event "9th American Continental (w)"]
[Site "Villa Martelli ARG"]
[Date "2017.09.14"]
[Round "9.13"]
[White "Bosco, Giuliana"]
[Black "Coelho, Tatiane Cristina"]
[Result "1/2-1/2"]
[WhiteElo "1582"]
[BlackElo "1777"]
[EventDate "2017.09.05"]
[PlyCount "108"]

1.e4 e5 2.Nf3 Nc6 3.d4 exd4 4.Bc4 Bb4+ 5.Nbd2 Nf6 6.Bd3 O-O 7.O-O d6 8.a3 
Ba5 9.Nc4 Re8 10.Nxa5 Nxa5 11.b4 Nc6 12.b5 Ne5 13.Nxd4 Nxd3 14.cxd3 h6 15.
Qf3 d5 16.exd5 Qxd5 17.Qxd5 Nxd5 18.Bd2 Bg4 19.f3 Bh5 20.Kf2 Bg6 21.Rfd1 
Rad8 22.Rac1 Rd7 23.h4 h5 24.Nb3 b6 25.d4 Bd3 26.a4 Re2+ 27.Kg1 Rd6 28.Re1
Rxe1+ 29.Rxe1 Bc2 30.Re8+ Kh7 31.Nc1 Bxa4 32.Ra8 Bxb5 33.Rxa7 Rc6 34.Kf2 
Rc4 35.Nb3 Rc2 36.Ke1 Rb2 37.Nc1 Kg6 38.g4 hxg4 39.fxg4 Rc2 40.Ne2 Rc4 41.
Rb7 c6 42.h5+ Kh7 43.Rxf7 Kg8 44.Rb7 Ra4 45.Nc3 Ra1+ 46.Kf2 Rf1+ 47.Kg2 
Nxc3 48.Bxc3 Rc1 49.Bb4 Rc4 50.Be1 Rxd4 51.Kf3 c5 52.Rxb6 Bd7 53.Rg6 Kf7 
54.Bf2 Rc4 1/2-1/2